| 000 | 00572cam a2200193 a 4500 | ||
|---|---|---|---|
| 001 | 17140743 | ||
| 005 | 20241031175221.0 | ||
| 008 | 120130s2012 enk b 001 0 eng | ||
| 020 | _a9780199592708 (Paperback) | ||
| 050 | 0 | 0 |
_aHV6025 _b.W485 2012 |
| 100 | 1 | _aWilliams, Katherine S. | |
| 245 | 1 | 0 |
_aTextbook on criminology / _cKatherine S Williams. |
| 250 | _a7th ed. | ||
| 260 |
_aOxford : _bOxford University Press, _cc2012. |
||
| 300 |
_axv, 660 p. ; _c25 cm. _bIndex |
||
| 650 | 0 |
_aCriminology _zEngland. |
|
| 650 | 0 |
_aCriminology _zWales. |
|
| 942 |
_2lcc _cBK _e7th Ed. _n0 |
||
| 999 |
_c493 _d493 |
||